000 00644nam a2200241Ia 4500
003 OSt
005 20221005113928.0
006 a|||||r|||| 00| 0
007 ta
008 221004b |||||||| |||| 00| 0 eng d
024 _a42180
037 _cTextual
040 _aCRL
_cCRL
_beng
041 _2eng
_aeng
082 _aO121:3L85:9, 111J4
100 _aWall Bernard
_9602819
245 0 _aAlessandro Manzoni
260 _c1954
490 _aStudies in modern European literature and thought
650 _aENGLISH LITERATURE
942 _hO121:3L85:9, 111J4
_cTEXL
_2cc
999 _c1029769
_d1029769